| 000 | 00927nam a2200301Ia 4500 | ||
|---|---|---|---|
| 001 | Para_6078 | ||
| 003 | CHAP | ||
| 008 | 220125s1980 xx 000 0 und d | ||
| 010 | _a204858 | ||
| 040 | _cCHAP | ||
| 082 | _aPA-C 584.9 H32 | ||
| 100 |
_aHafliger, Ernest _9170797 |
||
| 245 |
_aGrass weeds - 1 : _b Weeds of the sub family Panicoideae / _c by Ernest Hafliger and Hildemar Scholz |
||
| 260 |
_aBasle, Suiza : _b Ciba- Geigy |
||
| 300 | _a142 p. | ||
| 500 | _aTexto en: inglés, alemán, francés y español | ||
| 650 |
_aControl biológico de malas hierbas _927584 |
||
| 650 |
_aGramíneas _x clasificación _950264 |
||
| 650 |
_aGramineas _x Malas hierbas _9170798 |
||
| 700 |
_aScholz, Hildemar _9170799 |
||
| 901 | _aPA-C 584.9 H32 | ||
| 902 | _aA | ||
| 905 | _a0000001980 af 0000000000 00 | ||
| 910 | _a1980 | ||
| 942 | _cPARA | ||
| 942 |
_cPARA _d1 |
||
| 999 |
_c204858 _d204858 |
||